ZigBee wireless networks and transceivers /

ZigBee is a short-range wireless networking standard backed by such industry leaders as Motorola, Texas Instruments, Philips, Samsung, Siemens, Freescale, etc. It supports mesh networking, each node can transmit and receive data, offers high security and robustness, and is being rapidly adopted in i...

Full description

Bibliographic Details
Main Author: Farahani, Shahin
Corporate Author: ScienceDirect (Online service)
Format: eBook
Language:English
Published: Amsterdam ; Boston : Newnes/Elsevier, [2008]
Subjects:
Online Access:Connect to the full text of this electronic book

MARC

Tag First Indicator Second Indicator Subfields
LEADER 00000cam a2200000Ia 4500
001 in00002491113
005 20190327171721.0
006 m d
007 cr cn|||||||||
008 081212s2008 ne a sb 001 0 eng d
020 |a 9780750683937 
020 |a 0750683937 
035 |a (OCoLC)ocn281558158 
035 |a (OCoLC)281558158 
037 |a 137413:137550  |b Elsevier Science & Technology  |n http://www.sciencedirect.com 
040 |a OPELS  |b eng  |c OPELS  |d OPELS  |d UtOrBLW 
049 |a TEFA 
050 1 4 |a TK5105.78  |b .F37 2008eb 
082 0 4 |a 004.68  |2 22 
100 1 |a Farahani, Shahin. 
245 1 0 |a ZigBee wireless networks and transceivers /  |c Shahin Farahani. 
264 1 |a Amsterdam ;  |a Boston :  |b Newnes/Elsevier,  |c [2008] 
264 4 |c ©2008 
300 |a xxiv, 339 pages :  |b illustrations ;  |c 23 cm. 
336 |a text  |b txt  |2 rdacontent 
337 |a computer  |b c  |2 rdamedia 
338 |a online resource  |b cr  |2 rdacarrier 
533 |a Electronic reproduction.  |b Amsterdam :  |c Elsevier Science & Technology,  |d 2008.  |n Mode of access: World Wide Web.  |n System requirements: Web browser.  |n Title from title screen (viewed on Dec. 9, 2008).  |n Access may be restricted to users at subscribing institutions. 
520 |a ZigBee is a short-range wireless networking standard backed by such industry leaders as Motorola, Texas Instruments, Philips, Samsung, Siemens, Freescale, etc. It supports mesh networking, each node can transmit and receive data, offers high security and robustness, and is being rapidly adopted in industrial, control/monitoring, and medical applications. This book will explain the ZigBee protocol, discuss the design of ZigBee hardware, and describe how to design and implement ZigBee networks. The book has a dedicated website for the latest technical updates, ZigBee networking calculators, and additional materials. Dr. Farahani is a ZigBee system engineer for Freescale semiconductors Inc. Table of Contents Chapter 1: ZigBeeT Basics Chapter 2: ZigBeeT / IEEE 802.15.4 Networking Examples Chapter 3: ZigBeeT / IEEE 802.15.4 Protocol Layers Chapter 4: Transceiver Requirements Chapter 5: RF Propagation, Antennas, and Regulatory Requirements Chapter 6: Battery Life Analysis Chapter 7: Location Estimating Using ZigBeeT Chapter 8: ZigBeeT Coexistence Chapter 9: Related Technologies Appendices KEY FEATURES * Provides a comprehensive overview of ZigBee technology and networking, from RF/physical layer considerations to application layer development. * Discusses ZigBee security features such as encryption. * Describes how ZigBee can be used in location detection applications. * Explores techniques for ZigBee co-existence with other wireless technologies such as 802.11 and Bluetooth. 
505 0 |a CHAPTER -- 1 ZIGBEET BASICS -- 2 ZIGBEET/ IEEE 802.15.4 NETWORKING EXAMPLES -- 3 ZIGBEE / IEEE 802.15.4 PROTOCOLS -- 4 TRANSCEIVER REQUIREMENTS -- 5 RF PROPAGATION, ANTENNAS, AND REGULATORY REQUIREMENTS -- 6 BATTERY LIFE ANALYSIS -- 7 LOCATION ESTIMATING USING ZIGBEE -- 8 ZIGBEET COEXISTENCE -- 9 RELATED TECHNOLOGIES -- APPENDIX -- A PSSS Code Tables -- B The MAC Constants and Attributes -- C The NWK Constants and Attributes -- D The APS Constants and Attributes -- E The ZigBee Device Profile Services -- F DSSS Symbol-to-Chip Mapping Tables -- G Pulse Shaping Filters. 
504 |a Includes bibliographical references and index. 
500 |a Electronic resource. 
650 0 |a Wireless LANs  |x Standards. 
655 7 |a Electronic books.  |2 local 
710 2 |a ScienceDirect (Online service) 
776 1 |c Original  |z 9780750683937  |z 0750683937  |w (OCoLC)190777991 
856 4 0 |u http://proxy.library.tamu.edu/login?url=http://www.sciencedirect.com/science/book/9780750683937  |z Connect to the full text of this electronic book  |t 0 
994 |a C0  |b TEF 
999 |a MARS 
999 f f |s e2af21b6-97ed-311c-a54a-8671963a3dd0  |i ef0d3553-a75c-387a-8caf-46eaf5fc7d6e  |t 0 
952 f f |a Texas A&M University  |b College Station  |c Electronic Resources  |d Available Online  |t 0  |e TK5105.78 .F37 2008eb  |h Library of Congress classification 
998 f f |a TK5105.78 .F37 2008eb  |t 0  |l Available Online